01187nam a2200301Ia 4500001001200000003000800012006001900020007001500039008004100054020001800095020001500113040002100128035002100149050002500170245009300195250001200288260008400300300001400384504006600398533015200464650001400616650004300630655002900673700002300702710001700725856012600742999001700868ebr10274042CaPaEBRm u cr cn|||||||||090403s2009 enk sb 001 0 eng d z9780335228706 z0335228704 aCaPaEBRcCaPaEBR a(OCoLC)56790933614aHQ767.9b.I58 2009eb03aAn introduction to childhood studiesh[electronic resource] /ceditor, Mary Jane Kehily. a2nd ed. aMaidenhead, England :bOpen University Press ;aNew York :bMcGraw-Hill,c2009. ax, 232 p. aIncludes bibliographical references (p. [209]-227) and index. aElectronic reproduction.bPalo Alto, Calif. :cebrary,d2009.nAvailable via World Wide Web.nAccess may be limited to ebrary affiliated libraries. 0aChildren. 0aChild developmentxStudy and teaching. 7aElectronic books.2local1 aKehily, Mary Jane.2 aebrary, Inc.40uhttp://site.ebrary.com/lib/rucke/Doc?id=10274042zAn electronic book accessible through the World Wide Web; click to view c21284d21284